000 00631nam a22002057a 4500
005 20170808141319.0
010 _aENG-119538
020 _a9788172112943
_c600.00
035 _aEN-103070
037 _bDBAD/PUB
082 _a306.44
245 _aLanguage culture and value /
_cedited by Kanti Lal Das [and] Nirmal Kumar Roy
260 _aNew Delhi
_bNorthern Book Center
_c2012
270 _a4221,1Ansari Road Daryaganj
_bNew Delhi
_e110002
300 _axxxvii,258p.
_c22cm(Hb)
500 _aIncludes index
700 _aDas,Kanti Lal
700 _a Roy, Nirmal Kumar
942 _2ddc
_cEN
_h306.44
_mLAN
999 _c143159
_d143159